000 00661nam a22001575i 4500
001 171285
003 ES-MaACL
005 20251114063124.0
008 090508s1841 sp |||| | spa d
100 1 _aDíaz, José María,
_d1800-1888
_9139671
245 1 0 _aJulio César
_b: tragedia original en cinco actos /
_cpor José María Díaz.
260 _aMadrid :
_b[s.n.],
_c1841 (
_fImp. de Salvador Albert)
300 _a55 p. ;
_c18 cm.
852 _aES-MaACL
_jF-8599(2)
_z.-Enc. pasta española
_q- Falto de la cub. original
_z- Enc. en un vol. facticio formando parte de la col. facticia "Teatro español moderno", vol. 52
999 _c171285
_d171285